000 01212cab a2200277 4500
001 WB2811-48
008 090401t1992 xxu||||| |||| 00| 0 eng d
035 _a(Sirsi) u55837
041 _aeng
245 _aValuation maladministration
260 _c1992
350 _a0
490 _aTimes
_v11 March 1992, 12(1)
520 _a"Halifax Building Society and others v Edell and others" ChD 28 February 1992. It was held that the ombudsman was obliged under Building Societies Ombudsman Scheme clause 14 to investigate complaints of negligent structural surveys and house buyer`s reports carried out by an employee of a building society as part of an application for a further advance on the properties. Such negligence was maladministration under Building Societies Act 1986 Schedule 12 Part III para 1(d).
650 _aBUILDING SOCIETIES ACT 1986
650 _aBUILDING SOCIETIES OMBUDSMAN SCHEME
650 _aBUILDING SOCIETIES
650 _aHOUSE BUYERS REPORTS
650 _aMALADMINISTRATION
650 _aNEGLIGENCE
650 _aSTRUCTURAL SURVEYS
650 _aValuation
_96273
690 _aMANAGEMENT-BUSINESS MANAGEMENT-PROFESSIONAL PRACTICE
942 _n0
948 _c04/03/1997
999 _c34131
_d34131